Summitt's fundamentals of operative dentistry : (Record no. 21365)
[ view plain ]
| 000 -LEADER | |
|---|---|
| fixed length control field | 03816cam a22004455a 4500 |
| 001 - CONTROL NUMBER | |
| control field | ocn840878153 |
| 003 - CONTROL NUMBER IDENTIFIER | |
| control field | OSt |
| 005 - DATE AND TIME OF LATEST TRANSACTION | |
| control field | 20160310121530.0 |
| 008 - FIXED-LENGTH DATA ELEMENTS--GENERAL INFORMATION | |
| fixed length control field | 130422t2013 ilua frb 001 0 eng d |
| 010 ## - LIBRARY OF CONGRESS CONTROL NUMBER | |
| LC control number | 2013016328 |
| 020 ## - INTERNATIONAL STANDARD BOOK NUMBER | |
| International Standard Book Number | 9780867155280 |
| 035 ## - SYSTEM CONTROL NUMBER | |
| System control number | (OCoLC)ocn840878153 |
| 035 ## - SYSTEM CONTROL NUMBER | |
| System control number | (OCoLC)840878153 |
| 040 ## - CATALOGING SOURCE | |
| Original cataloging agency | DNLM/DLC |
| Language of cataloging | eng |
| Transcribing agency | DLC |
| Modifying agency | NLM |
| -- | YDXCP |
| -- | BTCTA |
| -- | EG-ScBUE |
| 082 04 - DEWEY DECIMAL CLASSIFICATION NUMBER | |
| Classification number | 617.605 |
| Item number | SUM |
| Edition number | 22 |
| 245 00 - TITLE STATEMENT | |
| Title | Summitt's fundamentals of operative dentistry : |
| Remainder of title | a contemporary approach / |
| Statement of responsibility, etc | edited by Thomas J. Hilton, Jack L. Ferracane, James C. Broome ; Illustrations by José dos Santos. |
| 246 30 - VARYING FORM OF TITLE | |
| Title proper/short title | Fundamentals of operative dentistry |
| 246 30 - VARYING FORM OF TITLE | |
| Title proper/short title | Operative dentistry |
| 250 ## - EDITION STATEMENT | |
| Edition statement | 4th ed. |
| 260 ## - PUBLICATION, DISTRIBUTION, ETC. (IMPRINT) | |
| Place of publication, distribution, etc | Hanover Park : |
| Name of publisher, distributor, etc | Quintessence Publishing, |
| Date of publication, distribution, etc | c.2013. |
| 300 ## - PHYSICAL DESCRIPTION | |
| Extent | xii, 600 p. : |
| Other physical details | ill. (col.); |
| Dimensions | 29 cm. |
| 500 ## - GENERAL NOTE | |
| General note | Preceded by Fundamentals of operative dentistry / edited by James B. Summitt ... [et al.]. 3rd ed. c2006. |
| 500 ## - GENERAL NOTE | |
| General note | Index : p. 585-600. |
| 500 ## - GENERAL NOTE | |
| General note | Dr. Bruce A. Matic, Prof. Emeritus, Dept. of Restorative Dentistry, Dr. Michael E. Cochran, Prof. Emeritus, Dept. of Restorative Dentistry and former IUSD faculty member Carlos González-Cabezas co-authored Chapter 1 entitled " Ecology of the oral cavity". |
| 504 ## - BIBLIOGRAPHY, ETC. NOTE | |
| Bibliography, etc | Includes bibliographical references. |
| 505 0# - FORMATTED CONTENTS NOTE | |
| Formatted contents note | Biologic considerations / Terry J. Fruits, Sharukh S. Khajotia, Jerry W. Nicholson -- Patient evaluation and problem-oriented treatment planning / William F. Rose Jr., Carl W. Haveman, and Richard D. Davis -- Esthetic considerations in diagnosis and treatment planning / J. William Robbins -- Color and shade matching / Rade Paravina -- Caries management : diagnosis and treatment strategies / Bennett T. Amaechi, J. Peter van Amerongen, Cor van Loveren, and Edwina A.M. Kidd -- Pulpal considerations / Thomas J. Hilton and James B. Summitt -- Nomenclature and instrumentation / James B. Summitt -- Field isolation / James B. Summitt -- Adhesion to enamel and dentin / Lorenzo Breschi, Jack L. Ferracane, Milena Cadenaro, Annalisa Mazzoni and Thomas Hilton -- Direct anterior restorations / Marcos A. Vargas, David F. Murchison, Joost Roeters, and Daniel C.N. Chan -- Direct posterior esthetic restorations / Thomas J. Hilton and James C. Broome -- Amalgam restorations / J.D. Overton, James B. Summitt, and John W. Osborne -- Diagnosis and treatment of root caries / Bruce A. Matis, Carlos Gonález-Cabezas, Michael A. Cochran -- Fluoride-releasing materials / Deniz Cakir-Ustun, Nathaniel C. Lawson, and John O. Burgess -- Class 5 restorations / J.D. Overton, Mark L. LittleStar, and Clifford B. Starr -- Natural tooth bleaching / Van B. Haywood, Juliana daCosta, and Thomas G. Berry -- Porcelain veneers / Jeffrey S. Rouse and J. William Robbins -- Anterior ceramic crowns / Jeffrey S. Rouse -- Esthetic inlays and onlays / Dennis J. Fasbinder, Gisele Neiva and J. William Robbins -- Cast gold restorations / Patrice P. Fan, Richard Stevenson, and Thomas G. Berry -- Restoration of endodontically treated teeth / James C. Broome and J. William Robbins. |
| 650 #0 - SUBJECT ADDED ENTRY--TOPICAL TERM | |
| Topical term or geographic name as entry element | Aesthetics. |
| Source of heading or term | BUEsh |
| 650 #7 - SUBJECT ADDED ENTRY--TOPICAL TERM | |
| Topical term or geographic name as entry element | Dentistry, Operative. |
| Source of heading or term | BUEsh |
| 9 (RLIN) | 30617 |
| 650 #7 - SUBJECT ADDED ENTRY--TOPICAL TERM | |
| Topical term or geographic name as entry element | Dental implants. |
| Source of heading or term | BUEsh |
| 9 (RLIN) | 35980 |
| 651 ## - SUBJECT ADDED ENTRY--GEOGRAPHIC NAME | |
| Source of heading or term | BUEsh |
| 653 ## - INDEX TERM--UNCONTROLLED | |
| Resource For college | |
| Arrived date list | March2016 |
| 700 1# - ADDED ENTRY--PERSONAL NAME | |
| Personal name | Hilton, Thomas J., |
| Relator term | editor of compilation. |
| 700 1# - ADDED ENTRY--PERSONAL NAME | |
| Personal name | Ferracane, Jack L., |
| Relator term | editor of compilation. |
| 9 (RLIN) | 32536 |
| 700 1# - ADDED ENTRY--PERSONAL NAME | |
| Personal name | Broome, James C., |
| Relator term | editor of compilation. |
| 700 1# - ADDED ENTRY--PERSONAL NAME | |
| Personal name | dos Santos, José, |
| Relator term | printer of plates. |
| 700 1# - ADDED ENTRY--PERSONAL NAME | |
| Personal name | Matis, Bruce A., |
| Relator term | contributor. |
| Title of a work | Ecology of the oral cavity. |
| 700 1# - ADDED ENTRY--PERSONAL NAME | |
| Personal name | Cochran, Michael A. |
| Fuller form of name | (Michael Alan), |
| Dates associated with a name | 1944-, |
| Relator term | contributor. |
| Title of a work | Ecology of the oral cavity. |
| 700 1# - ADDED ENTRY--PERSONAL NAME | |
| Personal name | González-Cabezas, Carlos, |
| Dates associated with a name | 1966- , |
| Relator term | contributor. |
| Title of a work | Ecology of the oral cavity. |
| 942 ## - ADDED ENTRY ELEMENTS (KOHA) | |
| Source of classification or shelving scheme | Dewey Decimal Classification |
| Withdrawn status | Item status | Source of classification or shelving scheme | Damaged status | Not for loan | Vendor | Home library | Current library | Shelving location | Date acquired | Source of acquisition | Cost, normal purchase price | Serial Enumeration / chronology | Total Checkouts | Total Renewals | Full call number | Barcode | Checked out | Date last seen | Date last borrowed | Cost, replacement price | Koha item type |
|---|---|---|---|---|---|---|---|---|---|---|---|---|---|---|---|---|---|---|---|---|---|
| Dewey Decimal Classification | Central Library | Central Library | First floor | 10/03/2016 | Purchase | 1250.00 | 583 | 1 | 48 | 617.605 SUM | 000031943 | 28/05/2022 | 18/04/2018 | 18/04/2018 | 1563.00 | Book - Borrowing |